Normal view MARC view
  • MAHESHWARI, NANDA

Entry Personal Name

Number of records used in: 3

001 - CONTROL NUMBER

  • control field: 8509

003 - CONTROL NUMBER IDENTIFIER

  • control field: JRU

005 - DATE AND TIME OF LATEST TRANSACTION

  • control field: 20240902132115.0

008 - FIXED-LENGTH DATA ELEMENTS

  • fixed length control field: 240902|| aca||aabn | a|a d

040 ## - CATALOGING SOURCE

  • Original cataloging agency: JRU
  • Transcribing agency: JRU

100 ## - HEADING--PERSONAL NAME

  • Personal name: MAHESHWARI, NANDA

670 ## - SOURCE DATA FOUND

  • Source citation: Work cat.: (JRU)8641: MAHESHWARI, NANDA , HANDBOOK OF MEDICAL LABORATORY TECHNOLOGY , 2023